000 01153nam0a2200325 4500
001 RU\NLR\BIBL_A\011926818
005 20190211112017.0
010 _a978-5-9930-2563-6
_915000
021 _aRU
_bКН-П-18-100591
_9КН-П-18-7301
035 _a(NLR Aleph) 011926818
035 _a(RuMoRGB)009848539
090 _a11016968
_c11016968
100 _a20190204d2019 c y0rusy50 ca
101 0 _arus
102 _aRU
105 _aa z 000ay
200 1 _aКлад заветный
_eсказка
_e[для чтения взрослыми детям]
_fНаталия Чахоянц
_gхудожник: Владимир Коркин
210 _aМосква
_cАлтей
_d2019 [т. е. 2018]
215 _a95 с.
_cцв. ил.
_d29
300 _aКн. фактически изд. в 2018 г.
333 _a6+
686 0 _aШ9(2)60=Р7-2
700 1 _aЧахоянц
_bН. В.
_gНаталия Вадимовна
702 1 _aКоркин
_bВ.
_gВладимир
_4040
942 _cBOOK
980 _aNBR
980 _aNB